| 000 | 00586nam a2200193 4500 | ||
|---|---|---|---|
| 001 | 118421 | ||
| 003 | ES-MaACL | ||
| 005 | 20230906191109.0 | ||
| 007 | t| | ||
| 008 | 070214s1957 sp r ||||1| spa d | ||
| 100 | 1 |
_aPérez, Rafael. _990609 |
|
| 245 | 1 | 0 |
_aLlamados y elegidos / _cpor Rafael Pérez. |
| 260 |
_aIrache (Navarra) : _bYokosuka, _c1957. |
||
| 300 |
_a271 p. ; _c18 cm. |
||
| 490 | 1 |
_aColección elegidos del Reino de Cristo ; _v3 |
|
| 830 | 0 |
_aColección elegidos del Reino de Cristo ; _v3 _9218506 |
|
| 852 |
_aES-MaACL _jC-15159 _bR.42281 |
||
| 999 |
_c118421 _d118421 |
||